书目信息 |
| 题名: |
中国古代教育
|
|
| 作者: | 李楠 , 陈幼实 编著 | |
| 分册: | ||
| 出版信息: | 北京 中国商业出版社 2015 |
|
| 页数: | 182页 | |
| 开本: | 23cm | |
| 丛书名: | 中国传统民俗文化丛书 | |
| 单 册: | ||
| 中图分类: | G529.2 | |
| 科图分类: | ||
| 主题词: | 教育史--中国--古代 | |
| 电子资源: | ||
| ISBN: | 978-7-5044-8542-7 | |
| 000 | 00931oam2 2200277 450 | |
| 001 | 012015000057 | |
| 005 | 20151210161331.42 | |
| 010 | @a978-7-5044-8542-7@dCNY25.00 | |
| 100 | @a20150601d2015 em y0chiy50 ea | |
| 101 | 0 | @achi |
| 102 | @aCN@b110000 | |
| 105 | @aa z 000yy | |
| 106 | @ar | |
| 200 | 1 | @a中国古代教育@Azhong guo gu dai jiao yu@f李楠,陈幼实编著 |
| 210 | @a北京@c中国商业出版社@d2015 | |
| 215 | @a182页@c图,照片@d23cm | |
| 225 | 2 | @a中国传统民俗文化丛书@i文化系列@f傅璇琮主编 |
| 330 | @a本书是一部普及古代教育史知识的著作,内容包括:初步开端的上古与三代教育、逐渐定型的春秋战国与秦汉教育、鼎盛发展的魏晋南北朝与隋唐教育等。 | |
| 410 | 0 | @12001 @a中国传统民俗文化丛书 |
| 411 | 0 | @12001 @a文化系列 |
| 606 | 0 | @a教育史@y中国@z古代 |
| 690 | @aG529.2@v5 | |
| 701 | 0 | @a李楠@Ali nan@4编著 |
| 701 | 0 | @a陈幼实@Achen you shi@4编著 |
| 801 | 0 | @aCN@b碧洲教育@c20151129 |
| 905 | @a10447@f3@dG529.2@e181 | |
| 中国古代教育/李楠,陈幼实编著.-北京:中国商业出版社,2015 |
| 182页:图,照片;23cm.-(中国传统民俗文化丛书.文化系列/傅璇琮主编) |
| ISBN 978-7-5044-8542-7:CNY25.00 |
| 本书是一部普及古代教育史知识的著作,内容包括:初步开端的上古与三代教育、逐渐定型的春秋战国与秦汉教育、鼎盛发展的魏晋南北朝与隋唐教育等。 |
| ● |
| 相关链接 |
|
|
|
|
正题名:中国古代教育
索取号:G529.2/181
 
预约/预借
| 序号 | 登录号 | 条形码 | 馆藏地/架位号 | 状态 | 备注 |
| 1 | 0872273 | 208722738 | 第一样本阅览室/ [索取号:G529.2/181] | 在馆 | |
| 2 | 0872274 | 208722747 | 教育系资料室/ [索取号:G529.2/181] | 在馆 | |
| 3 | 0872275 | 208722756 | 教育系资料室/ [索取号:G529.2/181] | 在馆 |